The Issue of Higher Education Funding in Slovakia

Zdôraznenie podstaty nových zmlúv o výkone, ktorých podpisom sa zároveň dosahuje kľúčový míľnik v Pláne obnovy a odolnosti Slovenska.

Salvato in:
Dettagli Bibliografici
Autore principale: Bernátek, Lukáš
Altri autori: Konečná, Martina
Natura: Capitolo di libro
Lingua:inglese
Soggetti:
Tags: Aggiungi Tag
Nessun Tag, puoi essere il primo ad aggiungerne!!

MARC

LEADER 00000naa a2200000 4500
001 0306144
005 20250114092327.7
041 0 |a eng 
044 |a SK 
245 1 0 |a The Issue of Higher Education Funding in Slovakia  |c Lukáš Bernátek 
520 |a Zdôraznenie podstaty nových zmlúv o výkone, ktorých podpisom sa zároveň dosahuje kľúčový míľnik v Pláne obnovy a odolnosti Slovenska. 
610 2 0 |a fondy finančné 
610 2 0 |a fondy Európskej únie 
610 2 0 |a fondy peňažné 
610 2 0 |a univerzity 
610 2 0 |a školy vysoké 
610 2 0 |a štipendiá 
610 2 0 |a rozpočet štátny 
610 2 0 |a dohody 
100 1 |a Bernátek, Lukáš 
700 1 |a Konečná, Martina